| 000 | 00395cam a2200157ua 4500 | ||
|---|---|---|---|
| 041 |
_aeng _h |
||
| 082 |
_a306 _bSHA/MA |
||
| 100 | _aShappiro, Harry L . | ||
| 245 |
_aMan culture and society / _cHarry L Shappiro. _hTextual Documents |
||
| 250 |
_a1 / _b. |
||
| 260 |
_aCalcutta : _bOxford University Press , _c1965. |
||
| 300 | _a380 ; . | ||
| 504 | _a | ||
| 942 | _cBK | ||
| 999 |
_c3540 _d3540 |
||